Operations Research (Record no. 28)

MARC details
000 -LEADER
fixed length control field 00354nam a22001577a 4500
005 - DATE AND TIME OF LATEST TRANSACTION
control field 20160426143602.0
008 - FIXED-LENGTH DATA ELEMENTS--GENERAL INFORMATION
fixed length control field 160426b xxu||||| |||| 00| 0 eng d
020 ## - INTERNATIONAL STANDARD BOOK NUMBER
ISBN N/A
041 ## - LANGUAGE CODE
Language code of text/sound track or separate title eng
082 ## - DEWEY DECIMAL CLASSIFICATION NUMBER
Item number 00120
100 ## - MAIN ENTRY--AUTHOR NAME
Personal name Sharma, S.D
245 ## - TITLE STATEMENT
Title Operations Research
260 ## - PUBLICATION, DISTRIBUTION, ETC. (IMPRINT)
Place of publication Meerut
Name of publisher Kedar Nath, Ram Nath,
Year of publication 2008
300 ## - PHYSICAL DESCRIPTION
Number of Pages 1227
942 ## - ADDED ENTRY ELEMENTS (KOHA)
Koha item type Books
Holdings
Lost status Damaged status Collection code Home library Current library Shelving location Date acquired Cost, normal purchase price Full call number Accession Number Koha item type
    Reference JRU Library   SHELF -72- H 26/04/2016 400.00 00120 00120 Books